00895nam a2200193 i 450000100060000000300090000600500170001500700030003200800410003510000480007624502740012426000390039830000220043760000610045970000290052070000320054970000880058185200320066996699ES-MaACL20231226211011.0t|050630s1963 sp ||||1| spa d1 aPrimo de Rivera, José Antonio,d1903-193610aFrente a frente b: José Antonio Primo de Rivera frente al tribunal popular : texto taquigráfico del juicio oral de Alicante, 1936 / c[edit. por] José Mancisidor ; prólogo de Miguel Primo de Rivera y Saenz de Heredia ; introducción de José Luna Meléndez. aMadrid : bSenen Martín, c1963. a367 p. ; c25 cm.17aPrimo de Rivera, José Antonio,d1903-1936-xProcesos21 aLuna Meléndez, José.0 aMancisidor, José María.1 aPrimo de Rivera y Sáenz De Heredia, Miguel,cDuque de Primo de Rivera,d1905-1964 aES-MaACLjC-22904 bR.51642